[Event "DVM U10 2020"]
[Site "Magdeburg GER"]
[Date "2021.08.08"]
[Round "6"]
[White "Barthel, Jacob"]
[Black "Rosado de Nebendahl, Philippe"]
[Result "1-0"]
[Termination "normal"]
[Board "3.2"]
[WhiteElo "1321"]
[BlackElo "847"]
[WhiteClock "00:14:05"]
[BlackClock "00:29:15"]
[WhiteTeam "SV Hellas Nauen e.V."]
[BlackTeam "SchVgg Blankenese von 1923 e.V."]
[PlyCount "66"]
[WhiteFideId "16273346"]
[BlackFideId "16292731"]
[EventCountry "GER"]
[EventRounds "7"]
[EventType "team-swiss"]
[EventDate "2021.08.06"]

1. d4 {[%clk 00:55:08]} {[%emt 00:00:02]} d5 {[%clk 00:55:02]} {[%emt
00:00:08]} 2. Bf4 {[%clk 00:55:01]} {[%emt 00:00:12]} Nf6 {[%clk 00:54:59]}
{[%emt 00:00:08]} 3. Nf3 {[%clk 00:54:41]} {[%emt 00:00:25]} Bf5 {[%clk
00:54:36]} {[%emt 00:00:27]} 4. e3 {[%clk 00:54:09]} {[%emt 00:00:38]} Nc6
{[%clk 00:54:22]} {[%emt 00:00:16]} 5. c3 {[%clk 00:52:59]} {[%emt 00:01:18]}
e6 {[%clk 00:54:01]} {[%emt 00:00:19]} 6. Bd3 {[%clk 00:52:21]} {[%emt
00:00:50]} Bg4 {[%clk 00:53:43]} {[%emt 00:00:23]} 7. Nbd2 {[%clk 00:51:58]}
{[%emt 00:00:28]} Bd6 {[%clk 00:53:16]} {[%emt 00:00:31]} 8. Bg3 {[%clk
00:51:18]} {[%emt 00:00:46]} O-O {[%emt 00:00:59]} 9. Qc2 {[%emt 00:00:48]} a6
{[%clk 00:50:58]} {[%emt 00:00:35]} 10. Bh4 {[%clk 00:49:23]} {[%emt 00:02:01]}
Bf5 {[%clk 00:50:20]} {[%emt 00:00:43]} 11. Bxf5 {[%clk 00:48:09]} {[%emt
00:01:19]} exf5 {[%clk 00:50:14]} {[%emt 00:00:10]} 12. Qxf5 {[%clk 00:47:18]}
{[%emt 00:00:57]} Ne7 {[%clk 00:50:10]} {[%emt 00:00:09]} 13. Qc2 {[%clk
00:46:11]} {[%emt 00:01:13]} Ng4 {[%clk 00:49:56]} {[%emt 00:00:18]} 14. h3
{[%clk 00:43:51]} {[%emt 00:02:25]} Nh6 {[%clk 00:49:13]} {[%emt 00:00:46]} 15.
g4 {[%clk 00:42:47]} {[%emt 00:01:11]} f6 {[%clk 00:48:59]} {[%emt 00:00:17]}
16. Rg1 {[%clk 00:41:48]} {[%emt 00:01:06]} Nf7 {[%clk 00:48:08]} {[%emt
00:00:53]} 17. O-O-O {[%clk 00:40:26]} {[%emt 00:01:30]} Qd7 {[%clk 00:47:47]}
{[%emt 00:00:20]} 18. Ne1 {[%clk 00:39:07]} {[%emt 00:01:30]} f5 {[%clk
00:47:35]} {[%emt 00:00:17]} 19. Bxe7 {[%clk 00:36:51]} {[%emt 00:02:21]} Bxe7
{[%clk 00:46:30]} {[%emt 00:00:13]} 20. gxf5 {[%clk 00:36:22]} {[%emt
00:01:31]} Nh6 {[%emt 00:02:18]} 21. f4 {[%clk 00:34:30]} Qxf5 {[%clk
00:44:05]} {[%emt 00:00:13]} 22. Qb3 {[%clk 00:32:26]} {[%emt 00:04:11]} b6
{[%clk 00:43:52]} {[%emt 00:00:16]} 23. Nef3 {[%clk 00:30:12]} {[%emt
00:02:20]} Qxh3 {[%emt 00:00:31]} 24. Qxd5+ {[%emt 00:00:57]} Kh8 {[%clk
00:42:09]} {[%emt 00:00:08]} 25. Rh1 {[%clk 00:26:10]} {[%emt 00:04:19]} Qf5
{[%clk 00:41:30]} {[%emt 00:00:35]} 26. Ne5 {[%clk 00:22:29]} {[%emt 00:03:54]}
Ng4 {[%clk 00:41:01]} {[%emt 00:00:35]} 27. Qg2 {[%clk 00:17:41]} {[%emt
00:04:53]} Nxe3 {[%clk 00:40:01]} {[%emt 00:00:38]} 28. Ng6+ {[%clk 00:17:33]}
{[%emt 00:00:40]} Kg8 {[%clk 00:39:31]} {[%emt 00:00:34]} 29. Nxe7+ {[%clk
00:16:52]} {[%emt 00:00:47]} Kh8 {[%clk 00:37:37]} {[%emt 00:02:00]} 30. Nxf5
{[%clk 00:15:31]} {[%emt 00:01:31]} Nxg2 {[%emt 00:00:08]} 31. Ne7 {[%emt
00:00:25]} Rf7 {[%emt 00:00:20]} 32. f5 Rxf5 33. Ng6+ {[%emt 00:00:12]} Rf4 34.
Nxf4 {[%emt 00:00:19]} Kg8 {[%clk 00:34:43]} 35. Nf3 {[%clk 00:15:15]} Nxf4
{[%clk 00:33:34]} 36. Ne5 {[%clk 00:15:07]} {[%emt 00:01:29]} Rf8 {[%clk
00:32:36]} 37. Kd2 {[%clk 00:14:37]} {[%emt 00:01:37]} Rf5 {[%clk 00:32:16]}
38. Rdf1 {[%clk 00:14:05]} {[%emt 00:01:01]} c5 39. Ng6 {[%clk 00:14:05]}
{[%emt 00:02:04]} h6 {[%clk 00:29:15]} 40. Ra1 {[%emt 00:01:28]} 1-0

[Event "DVM U10 2020"]
[Site "Magdeburg GER"]
[Date "2021.08.08"]
[Round "6"]
[White "Ueberholz, Lasse"]
[Black "Fadeev, Justin Michael"]
[Result "0-1"]
[Termination "normal"]
[Board "3.3"]
[WhiteElo "995"]
[BlackElo "1293"]
[WhiteClock "00:32:32"]
[BlackClock "00:13:30"]
[WhiteTeam "SchVgg Blankenese von 1923 e.V."]
[BlackTeam "SV Hellas Nauen e.V."]
[PlyCount "70"]
[WhiteFideId "16286766"]
[BlackFideId "34602968"]
[EventCountry "GER"]
[EventRounds "7"]
[EventType "team-swiss"]
[EventDate "2021.08.06"]

1. e4 {[%clk 00:55:09]} c5 {[%clk 00:55:05]} {[%emt 00:00:06]} 2. Nf3 {[%clk
00:55:08]} {[%emt 00:00:05]} Nc6 {[%clk 00:55:06]} {[%emt 00:00:05]} 3. d4
{[%clk 00:55:05]} {[%emt 00:00:08]} cxd4 {[%clk 00:55:00]} {[%emt 00:00:11]} 4.
Nxd4 {[%clk 00:55:00]} {[%emt 00:00:09]} Nf6 {[%clk 00:54:52]} {[%emt
00:00:14]} 5. Nc3 {[%clk 00:54:59]} {[%emt 00:00:06]} g6 {[%clk 00:54:20]}
{[%emt 00:00:37]} 6. Nxc6 {[%clk 00:54:57]} {[%emt 00:00:05]} bxc6 {[%clk
00:54:16]} {[%emt 00:00:10]} 7. e5 {[%clk 00:54:57]} {[%emt 00:00:05]} Ng8
{[%clk 00:53:57]} {[%emt 00:00:24]} 8. Bc4 {[%clk 00:54:38]} {[%emt 00:00:24]}
Bg7 {[%clk 00:53:00]} {[%emt 00:01:03]} 9. Bf4 {[%clk 00:54:03]} {[%emt
00:00:40]} Qa5 {[%clk 00:51:28]} {[%emt 00:01:36]} 10. O-O {[%clk 00:53:37]}
{[%emt 00:00:31]} Bxe5 {[%clk 00:50:43]} {[%emt 00:00:50]} 11. Bxe5 {[%clk
00:53:37]} {[%emt 00:00:06]} Qxe5 {[%clk 00:50:38]} {[%emt 00:00:09]} 12. Re1
{[%clk 00:53:08]} {[%emt 00:00:35]} Qc7 {[%clk 00:49:53]} {[%emt 00:00:50]} 13.
Qf3 {[%clk 00:52:46]} {[%emt 00:00:25]} e6 {[%clk 00:49:16]} {[%emt 00:00:43]}
14. Ne4 {[%clk 00:52:23]} {[%emt 00:00:27]} d5 {[%clk 00:48:37]} {[%emt
00:00:45]} 15. Ng5 {[%clk 00:51:59]} {[%emt 00:00:29]} dxc4 {[%clk 00:48:29]}
{[%emt 00:00:12]} 16. Re2 {[%clk 00:51:36]} {[%emt 00:00:29]} Nh6 {[%clk
00:44:29]} {[%emt 00:04:06]} 17. Rae1 {[%clk 00:51:19]} {[%emt 00:00:21]} Nf5
{[%clk 00:43:13]} {[%emt 00:01:19]} 18. c3 {[%emt 00:01:07]} Qe7 {[%clk
00:39:27]} {[%emt 00:03:49]} 19. Qxc6+ {[%clk 00:49:32]} {[%emt 00:00:54]} Kf8
{[%clk 00:36:57]} {[%emt 00:02:36]} 20. Qxa8 {[%clk 00:48:37]} {[%emt
00:00:59]} Qxg5 {[%clk 00:36:39]} {[%emt 00:00:24]} 21. Qxc8+ {[%clk 00:48:32]}
{[%emt 00:00:10]} Kg7 {[%clk 00:36:37]} {[%emt 00:00:07]} 22. Qxc4 {[%clk
00:47:52]} {[%emt 00:00:44]} Rd8 {[%clk 00:31:49]} {[%emt 00:04:52]} 23. g3
{[%clk 00:46:40]} {[%emt 00:01:18]} Qh5 {[%clk 00:28:15]} {[%emt 00:03:39]} 24.
g4 {[%clk 00:46:18]} {[%emt 00:00:28]} Qg5 {[%clk 00:28:14]} {[%emt 00:00:06]}
25. Re5 {[%clk 00:45:52]} {[%emt 00:00:30]} Rd2 {[%clk 00:26:30]} {[%emt
00:01:49]} 26. Rf1 {[%clk 00:45:00]} {[%emt 00:00:57]} Qh4 {[%clk 00:21:50]}
{[%emt 00:04:45]} 27. Qf4 {[%clk 00:43:00]} {[%emt 00:02:04]} Rxb2 {[%clk
00:21:32]} {[%emt 00:00:24]} 28. Qf3 {[%clk 00:40:59]} {[%emt 00:02:07]} Qg5
{[%clk 00:19:23]} {[%emt 00:02:13]} 29. Kh1 {[%clk 00:40:21]} {[%emt 00:00:42]}
Nh4 {[%clk 00:17:55]} {[%emt 00:01:34]} 30. Qg3 {[%clk 00:39:25]} {[%emt
00:01:01]} Qf6 {[%clk 00:17:04]} {[%emt 00:00:57]} 31. g5 {[%clk 00:38:37]}
{[%emt 00:00:53]} Qf3+ {[%emt 00:00:11]} 32. Qxf3 {[%clk 00:37:50]} {[%emt
00:00:49]} Nxf3 {[%clk 00:16:54]} {[%emt 00:00:11]} 33. Ra5 {[%clk 00:37:43]}
{[%emt 00:00:12]} Nd2 {[%clk 00:16:41]} {[%emt 00:00:19]} 34. Re1 {[%clk
00:37:20]} {[%emt 00:00:27]} Nf3 {[%clk 00:16:34]} {[%emt 00:00:12]} 35. Re3
{[%clk 00:35:45]} {[%emt 00:01:40]} Rxf2 {[%clk 00:16:16]} {[%emt 00:00:24]}
36. Rxf3 {[%clk 00:35:24]} {[%emt 00:00:26]} Rxf3 {[%clk 00:16:13]} {[%emt
00:00:08]} 37. c4 {[%clk 00:35:14]} {[%emt 00:00:14]} Rc3 {[%clk 00:16:06]}
{[%emt 00:00:13]} 38. c5 {[%clk 00:35:12]} {[%emt 00:00:07]} e5 {[%clk
00:15:56]} {[%emt 00:00:14]} 39. Kg2 {[%clk 00:35:04]} {[%emt 00:00:13]} h6
{[%clk 00:15:26]} {[%emt 00:00:36]} 40. gxh6+ {[%clk 00:35:01]} {[%emt
00:00:08]} Kxh6 {[%clk 00:15:20]} {[%emt 00:00:10]} 41. Kf2 {[%clk 00:34:56]}
{[%emt 00:00:11]} f5 {[%clk 00:15:14]} {[%emt 00:00:11]} 42. c6 {[%clk
00:34:46]} {[%emt 00:00:15]} Rxc6 {[%clk 00:15:09]} {[%emt 00:00:09]} 43. Rxe5
{[%clk 00:34:47]} {[%emt 00:00:04]} Rc2+ {[%clk 00:15:07]} {[%emt 00:00:07]}
44. Kg3 {[%clk 00:34:38]} {[%emt 00:00:15]} Rxa2 {[%clk 00:15:03]} {[%emt
00:00:08]} 45. Re8 {[%clk 00:34:27]} {[%emt 00:00:16]} a5 {[%clk 00:15:00]}
{[%emt 00:00:08]} 46. h4 {[%clk 00:34:19]} {[%emt 00:00:14]} a4 {[%clk
00:14:55]} {[%emt 00:00:10]} 47. Rh8+ {[%clk 00:34:02]} {[%emt 00:00:06]} Kg7
{[%clk 00:14:53]} {[%emt 00:00:22]} 48. Ra8 {[%clk 00:33:55]} {[%emt 00:00:12]}
a3 {[%clk 00:14:50]} {[%emt 00:00:09]} 49. Kf4 {[%clk 00:33:34]} {[%emt
00:00:25]} Ra1 {[%clk 00:14:28]} {[%emt 00:00:28]} 50. Kg5 {[%clk 00:33:31]}
{[%emt 00:00:08]} a2 {[%clk 00:14:27]} {[%emt 00:00:06]} 51. Ra7+ {[%clk
00:33:30]} {[%emt 00:00:06]} Kg8 {[%clk 00:14:09]} {[%emt 00:00:23]} 52. Kxg6
{[%clk 00:33:24]} {[%emt 00:00:10]} Rg1+ {[%clk 00:14:06]} {[%emt 00:00:08]}
53. Kf6 {[%clk 00:32:53]} {[%emt 00:00:36]} a1=Q+ {[%clk 00:13:53]} {[%emt
00:00:16]} 54. Rxa1 {[%clk 00:32:44]} {[%emt 00:00:16]} Rxa1 {[%clk 00:13:46]}
{[%emt 00:00:12]} 55. h5 {[%clk 00:32:45]} {[%emt 00:00:05]} f4 {[%clk
00:13:39]} {[%emt 00:00:11]} 56. h6 {[%clk 00:32:42]} {[%emt 00:00:08]} f3
{[%clk 00:13:36]} {[%emt 00:00:09]} 57. Kg6 {[%clk 00:32:33]} {[%emt 00:00:14]}
f2 {[%clk 00:13:32]} {[%emt 00:00:09]} 58. h7+ {[%clk 00:32:32]} {[%emt
00:00:05]} Kh8 {[%clk 00:13:30]} {[%emt 00:00:08]} 0-1

[Event "DVM U10 2020"]
[Site "Magdeburg GER"]
[Date "2021.08.08"]
[Round "6"]
[White "Dodul, Alice"]
[Black "Steiner, Erik"]
[Result "1-0"]
[Termination "normal"]
[Board "3.4"]
[WhiteElo "1099"]
[BlackElo "1012"]
[WhiteClock "00:09:50"]
[BlackClock "00:14:01"]
[WhiteTeam "SV Hellas Nauen e.V."]
[BlackTeam "SchVgg Blankenese von 1923 e.V."]
[PlyCount "67"]
[WhiteFideId "34623817"]
[BlackFideId "16292715"]
[EventCountry "GER"]
[EventRounds "7"]
[EventType "team-swiss"]
[EventDate "2021.08.06"]

1. f4 {[%clk 00:55:07]} {[%emt 00:00:02]} d5 {[%clk 00:55:00]} {[%emt
00:00:11]} 2. Nf3 {[%clk 00:55:00]} {[%emt 00:00:12]} Nc6 {[%clk 00:54:52]}
{[%emt 00:00:13]} 3. e3 {[%clk 00:54:44]} {[%emt 00:00:20]} Nf6 {[%clk
00:54:41]} {[%emt 00:00:16]} 4. Bb5 {[%clk 00:54:39]} {[%emt 00:00:10]} e6
{[%clk 00:54:18]} {[%emt 00:00:29]} 5. O-O {[%clk 00:54:32]} {[%emt 00:00:11]}
Bd6 {[%clk 00:53:50]} {[%emt 00:00:34]} 6. b3 {[%clk 00:54:16]} {[%emt
00:00:21]} O-O {[%clk 00:53:46]} {[%emt 00:00:09]} 7. Bb2 {[%clk 00:54:03]}
{[%emt 00:00:18]} a6 {[%clk 00:53:20]} {[%emt 00:00:31]} 8. Bxc6 {[%clk
00:53:58]} {[%emt 00:00:09]} bxc6 {[%clk 00:53:16]} {[%emt 00:00:10]} 9. d3
{[%clk 00:53:44]} {[%emt 00:00:19]} Ng4 {[%clk 00:52:31]} {[%emt 00:00:50]} 10.
Qe1 {[%clk 00:53:33]} {[%emt 00:00:16]} Re8 {[%clk 00:51:03]} {[%emt 00:01:33]}
11. Qg3 {[%clk 00:52:24]} {[%emt 00:01:13]} Nf6 {[%clk 00:50:29]} {[%emt
00:00:40]} 12. Ne5 {[%clk 00:51:45]} {[%emt 00:00:43]} Kf8 {[%clk 00:48:48]}
{[%emt 00:01:47]} 13. Nxc6 {[%clk 00:50:20]} {[%emt 00:01:30]} Qd7 {[%clk
00:47:38]} {[%emt 00:01:16]} 14. Ne5 {[%clk 00:49:57]} {[%emt 00:00:27]} Bxe5
{[%clk 00:47:09]} {[%emt 00:00:34]} 15. Bxe5 {[%clk 00:49:22]} {[%emt
00:00:39]} Qc6 {[%clk 00:45:52]} {[%emt 00:01:23]} 16. c4 {[%clk 00:48:18]}
{[%emt 00:01:09]} dxc4 {[%clk 00:45:07]} {[%emt 00:00:50]} 17. bxc4 {[%clk
00:47:36]} {[%emt 00:00:47]} Bb7 {[%clk 00:44:42]} {[%emt 00:00:30]} 18. Nd2
{[%clk 00:46:56]} {[%emt 00:00:44]} Nh5 {[%clk 00:42:56]} {[%emt 00:01:52]} 19.
Qh3 {[%clk 00:46:00]} {[%emt 00:01:00]} f6 {[%clk 00:40:48]} {[%emt 00:02:13]}
20. Bc3 {[%clk 00:45:20]} {[%emt 00:00:45]} Kg8 {[%clk 00:39:06]} {[%emt
00:01:47]} 21. Nf3 {[%clk 00:43:57]} {[%emt 00:01:29]} g6 {[%clk 00:37:42]}
{[%emt 00:01:29]} 22. Qh4 {[%clk 00:37:20]} {[%emt 00:06:40]} e5 {[%clk
00:36:31]} {[%emt 00:01:18]} 23. f5 {[%clk 00:35:28]} {[%emt 00:01:56]} Qc5
{[%clk 00:35:35]} {[%emt 00:01:02]} 24. Rae1 {[%clk 00:31:57]} {[%emt
00:03:34]} Qa3 {[%clk 00:35:00]} {[%emt 00:00:41]} 25. fxg6 {[%clk 00:31:12]}
{[%emt 00:00:50]} hxg6 {[%clk 00:34:19]} {[%emt 00:00:46]} 26. Rc1 {[%clk
00:30:28]} {[%emt 00:00:48]} Qc5 {[%clk 00:33:18]} {[%emt 00:01:07]} 27. d4
{[%clk 00:28:56]} {[%emt 00:01:37]} exd4 {[%clk 00:32:45]} {[%emt 00:00:39]}
28. Bxd4 {[%clk 00:28:16]} {[%emt 00:00:45]} Qf5 {[%clk 00:32:06]} {[%emt
00:00:44]} 29. Nd2 {[%clk 00:26:42]} {[%emt 00:01:38]} Qg5 {[%clk 00:31:23]}
{[%emt 00:00:48]} 30. Qxg5 {[%clk 00:25:37]} {[%emt 00:01:09]} fxg5 {[%clk
00:31:12]} {[%emt 00:00:18]} 31. Rb1 {[%clk 00:25:12]} {[%emt 00:00:30]} Bc6
{[%clk 00:30:16]} {[%emt 00:01:01]} 32. Nf3 {[%clk 00:24:48]} {[%emt 00:00:28]}
Be4 {[%clk 00:29:03]} {[%emt 00:01:18]} 33. Rbc1 {[%clk 00:24:13]} {[%emt
00:00:41]} g4 {[%clk 00:28:16]} {[%emt 00:00:52]} 34. Ne5 {[%clk 00:23:42]}
{[%emt 00:00:36]} g3 {[%clk 00:27:18]} {[%emt 00:01:03]} 35. Nxg6 {[%clk
00:22:43]} {[%emt 00:01:03]} Bxg6 {[%clk 00:27:04]} {[%emt 00:00:20]} 36. hxg3
{[%clk 00:21:02]} {[%emt 00:01:45]} Nxg3 {[%clk 00:27:00]} {[%emt 00:00:09]}
37. Rf2 {[%clk 00:20:53]} {[%emt 00:00:14]} Nf5 {[%clk 00:26:34]} {[%emt
00:00:31]} 38. Rf3 {[%clk 00:20:14]} {[%emt 00:00:45]} Nxd4 {[%clk 00:26:09]}
{[%emt 00:00:29]} 39. exd4 {[%clk 00:20:06]} {[%emt 00:00:13]} Re4 {[%clk
00:25:32]} {[%emt 00:00:42]} 40. Rg3 {[%clk 00:19:17]} {[%emt 00:00:55]} Kh7
{[%clk 00:24:58]} {[%emt 00:00:39]} 41. Rh3+ {[%clk 00:19:08]} {[%emt
00:00:13]} Kg7 {[%clk 00:24:44]} {[%emt 00:00:16]} 42. d5 {[%clk 00:18:34]}
{[%emt 00:00:42]} Bf5 {[%clk 00:23:40]} {[%emt 00:01:09]} 43. Rb3 {[%clk
00:18:11]} {[%emt 00:00:28]} Kf6 {[%clk 00:22:53]} {[%emt 00:00:52]} 44. Rb7
{[%clk 00:17:50]} {[%emt 00:00:26]} Re7 {[%clk 00:21:55]} {[%emt 00:01:03]} 45.
Rf1 {[%clk 00:17:27]} {[%emt 00:00:28]} Kg5 {[%clk 00:21:26]} {[%emt 00:00:34]}
46. d6 {[%clk 00:16:58]} {[%emt 00:00:35]} Ree8 {[%clk 00:19:51]} {[%emt
00:01:40]} 47. Rxc7 {[%clk 00:15:51]} {[%emt 00:01:11]} Red8 {[%clk 00:19:30]}
{[%emt 00:00:27]} 48. Rc5 {[%clk 00:14:26]} {[%emt 00:01:29]} Rf8 {[%clk
00:19:20]} {[%emt 00:00:16]} 49. Rd5 {[%clk 00:14:04]} {[%emt 00:00:27]} Rad8
{[%clk 00:19:09]} {[%emt 00:00:16]} 50. c5 {[%clk 00:13:49]} {[%emt 00:00:19]}
Kg6 {[%clk 00:18:42]} {[%emt 00:00:31]} 51. c6 {[%clk 00:13:33]} {[%emt
00:00:23]} Be4 {[%clk 00:18:42]} {[%emt 00:00:05]} 52. Rxf8 {[%clk 00:12:56]}
{[%emt 00:00:41]} Rxf8 {[%clk 00:18:31]} {[%emt 00:00:17]} 53. Rc5 {[%clk
00:12:43]} {[%emt 00:00:18]} Bxc6 {[%clk 00:18:10]} {[%emt 00:00:26]} 54. Rxc6
{[%clk 00:12:40]} {[%emt 00:00:08]} Kf6 {[%clk 00:18:01]} {[%emt 00:00:14]} 55.
Rxa6 {[%clk 00:12:22]} {[%emt 00:00:22]} Rd8 {[%clk 00:17:47]} {[%emt
00:00:20]} 56. d7+ {[%clk 00:12:11]} {[%emt 00:00:15]} Ke7 {[%clk 00:17:34]}
{[%emt 00:00:18]} 57. Ra7 {[%clk 00:12:07]} {[%emt 00:00:10]} Rb8 {[%clk
00:16:58]} {[%emt 00:00:41]} 58. a4 {[%clk 00:11:52]} {[%emt 00:00:19]} Rb1+
{[%clk 00:16:36]} {[%emt 00:00:27]} 59. Kh2 {[%clk 00:11:50]} {[%emt 00:00:07]}
Rb4 {[%clk 00:16:21]} {[%emt 00:00:20]} 60. a5 {[%clk 00:11:41]} {[%emt
00:00:14]} Rd4 {[%clk 00:15:24]} {[%emt 00:01:07]} 61. a6 {[%clk 00:11:31]}
{[%emt 00:00:15]} Rxd7 {[%clk 00:14:43]} {[%emt 00:00:45]} 62. Rxd7+ {[%clk
00:11:26]} {[%emt 00:00:10]} Kxd7 {[%clk 00:14:42]} {[%emt 00:00:07]} 63. a7
{[%clk 00:11:26]} {[%emt 00:00:06]} Ke6 {[%clk 00:14:35]} {[%emt 00:00:11]} 64.
a8=Q {[%clk 00:11:21]} {[%emt 00:00:10]} Kf5 {[%clk 00:14:29]} {[%emt
00:00:11]} 65. Qa4 {[%clk 00:11:08]} {[%emt 00:00:17]} Ke5 {[%clk 00:14:25]}
{[%emt 00:00:10]} 66. g4 {[%clk 00:11:04]} {[%emt 00:00:09]} Kf6 {[%clk
00:14:19]} {[%emt 00:00:11]} 67. Qa5 {[%clk 00:10:57]} {[%emt 00:00:13]} Kg6
{[%clk 00:14:15]} {[%emt 00:00:08]} 68. g5 {[%clk 00:10:50]} {[%emt 00:00:12]}
Kf7 {[%clk 00:14:12]} {[%emt 00:00:09]} 69. Qa6 {[%clk 00:10:45]} {[%emt
00:00:09]} Kg7 {[%clk 00:14:11]} {[%emt 00:00:06]} 70. g6 {[%clk 00:10:42]}
{[%emt 00:00:08]} Kg8 {[%clk 00:14:10]} {[%emt 00:00:05]} 71. Qa7 {[%clk
00:10:31]} {[%emt 00:00:17]} Kf8 {[%clk 00:14:01]} {[%emt 00:00:14]} 72. g7+
{[%clk 00:09:59]} {[%emt 00:00:36]} Kg8 {[%clk 00:14:01]} {[%emt 00:00:06]} 73.
Kg3 {[%clk 00:09:50]} {[%emt 00:00:14]} 1-0

[Event "DVM U10 2020"]
[Site "Magdeburg GER"]
[Date "2021.08.08"]
[Round "6"]
[White "Thümler, Floris"]
[Black "Gulamzada, Elmir"]
[Result "1-0"]
[Termination "normal"]
[Board "4.1"]
[WhiteElo "1315"]
[BlackElo "1390"]
[WhiteClock "00:21:55"]
[BlackClock "00:21:30"]
[WhiteTeam "SV Königsjäger Süd-West e.V."]
[BlackTeam "SV Werder Bremen"]
[PlyCount "45"]
[WhiteFideId "16296435"]
[BlackFideId "34604332"]
[EventCountry "GER"]
[EventRounds "7"]
[EventType "team-swiss"]
[EventDate "2021.08.06"]

1. e4 {[%clk 00:54:45]} {[%emt 00:00:20]} e6 {[%clk 00:54:55]} {[%emt
00:00:15]} 2. d4 {[%clk 00:54:32]} {[%emt 00:00:19]} d5 {[%clk 00:54:21]}
{[%emt 00:00:39]} 3. Nc3 {[%clk 00:54:29]} {[%emt 00:00:07]} Nf6 {[%clk
00:53:49]} {[%emt 00:00:37]} 4. Bg5 {[%clk 00:54:04]} {[%emt 00:00:30]} Be7
{[%clk 00:52:19]} {[%emt 00:01:35]} 5. e5 {[%clk 00:53:50]} {[%emt 00:00:19]}
Nfd7 {[%clk 00:52:11]} {[%emt 00:00:13]} 6. Bxe7 {[%clk 00:53:20]} {[%emt
00:00:34]} Qxe7 {[%clk 00:52:01]} {[%emt 00:00:16]} 7. f4 {[%clk 00:52:37]}
{[%emt 00:00:48]} c5 {[%clk 00:51:53]} {[%emt 00:00:13]} 8. Nf3 {[%clk
00:52:17]} {[%emt 00:00:25]} Nc6 {[%clk 00:51:24]} {[%emt 00:00:34]} 9. Nb5
{[%clk 00:51:08]} {[%emt 00:01:14]} Qd8 {[%clk 00:49:53]} {[%emt 00:01:35]} 10.
Nd6+ {[%clk 00:49:57]} {[%emt 00:01:17]} Ke7 {[%emt 00:04:51]} 11. Ng5 {[%clk
00:47:30]} {[%emt 00:02:23]} Qa5+ {[%clk 00:44:22]} {[%emt 00:00:58]} 12. c3
{[%clk 00:46:31]} {[%emt 00:01:05]} f6 {[%clk 00:44:00]} {[%emt 00:00:27]} 13.
Ngf7 {[%clk 00:41:46]} {[%emt 00:04:49]} Rf8 {[%clk 00:43:09]} {[%emt
00:00:49]} 14. Qh5 {[%clk 00:40:53]} {[%emt 00:01:05]} cxd4 {[%clk 00:37:27]}
{[%emt 00:05:48]} 15. Kd2 {[%clk 00:37:41]} {[%emt 00:03:18]} dxc3+ {[%clk
00:32:07]} {[%emt 00:05:25]} 16. bxc3 {[%clk 00:36:49]} {[%emt 00:00:55]} d4
{[%clk 00:28:40]} {[%emt 00:03:33]} 17. Bd3 {[%clk 00:30:02]} {[%emt 00:06:51]}
Qxc3+ {[%clk 00:28:06]} {[%emt 00:00:40]} 18. Ke2 {[%clk 00:29:35]} {[%emt
00:00:32]} Nb4 {[%clk 00:26:30]} {[%emt 00:01:35]} 19. Rad1 {[%clk 00:28:33]}
{[%emt 00:01:13]} Nxd3 {[%clk 00:26:20]} {[%emt 00:00:15]} 20. Rxd3 {[%clk
00:27:41]} {[%emt 00:00:57]} Qc2+ {[%clk 00:26:08]} {[%emt 00:00:17]} 21. Rd2
{[%clk 00:27:01]} {[%emt 00:00:45]} d3+ {[%clk 00:25:51]} {[%emt 00:00:23]} 22.
Ke3 {[%clk 00:26:05]} {[%emt 00:01:00]} Qc5+ {[%clk 00:24:34]} {[%emt
00:01:19]} 23. Kf3 {[%clk 00:25:46]} {[%emt 00:00:26]} Qc3 {[%clk 00:22:47]}
{[%emt 00:01:49]} 24. Rhd1 {[%clk 00:24:55]} {[%emt 00:01:00]} Nc5 {[%clk
00:22:07]} {[%emt 00:00:40]} 25. exf6+ {[%clk 00:22:13]} {[%emt 00:02:52]} Qxf6
{[%clk 00:21:30]} {[%emt 00:00:43]} 26. Qxc5 {[%clk 00:21:55]} {[%emt
00:00:22]} 1-0

[Event "DVM U10 2020"]
[Site "Magdeburg GER"]
[Date "2021.08.08"]
[Round "6"]
[White "Zimmer, Tim"]
[Black "Schäfer, Benjamin"]
[Result "1/2-1/2"]
[Termination "normal"]
[Board "4.2"]
[WhiteElo "1013"]
[BlackElo "1364"]
[WhiteClock "00:24:07"]
[BlackClock "00:21:55"]
[WhiteTeam "SV Werder Bremen"]
[BlackTeam "SV Königsjäger Süd-West e.V."]
[PlyCount "33"]
[WhiteFideId "34603115"]
[BlackFideId "34616390"]
[EventCountry "GER"]
[EventRounds "7"]
[EventType "team-swiss"]
[EventDate "2021.08.06"]

1. e4 {[%clk 00:55:03]} {[%emt 00:00:06]} c5 {[%clk 00:54:57]} {[%emt
00:00:14]} 2. Nf3 {[%clk 00:54:44]} {[%emt 00:00:24]} Nc6 {[%clk 00:54:52]}
{[%emt 00:00:10]} 3. d4 {[%clk 00:54:26]} {[%emt 00:00:23]} cxd4 {[%clk
00:54:36]} {[%emt 00:00:21]} 4. Nxd4 {[%clk 00:54:15]} {[%emt 00:00:17]} Nf6
{[%emt 00:01:49]} 5. Nc3 {[%clk 00:52:55]} {[%emt 00:00:01]} d6 {[%clk
00:53:38]} {[%emt 00:00:43]} 6. Bc4 {[%clk 00:51:03]} {[%emt 00:01:56]} g6
{[%clk 00:52:31]} {[%emt 00:01:12]} 7. Be3 {[%clk 00:49:46]} {[%emt 00:01:22]}
Bg7 {[%clk 00:51:06]} {[%emt 00:01:30]} 8. O-O {[%clk 00:47:42]} {[%emt
00:02:08]} O-O {[%clk 00:49:34]} {[%emt 00:01:38]} 9. Qd2 {[%clk 00:41:23]}
{[%emt 00:06:24]} Ng4 {[%clk 00:45:29]} {[%emt 00:04:10]} 10. Rad1 {[%clk
00:34:41]} {[%emt 00:06:46]} Nxe3 {[%clk 00:42:02]} {[%emt 00:03:34]} 11. Qxe3
{[%clk 00:34:19]} {[%emt 00:00:26]} Nxd4 {[%clk 00:41:35]} {[%emt 00:00:33]}
12. Rxd4 {[%clk 00:34:16]} {[%emt 00:00:07]} Bxd4 {[%clk 00:41:17]} {[%emt
00:00:23]} 13. Qxd4 {[%clk 00:34:18]} {[%emt 00:00:03]} Bd7 {[%clk 00:34:50]}
{[%emt 00:06:32]} 14. Nd5 {[%clk 00:31:21]} {[%emt 00:03:02]} Rc8 {[%clk
00:31:11]} {[%emt 00:03:45]} 15. Bb3 {[%clk 00:29:24]} {[%emt 00:02:01]} b6
{[%clk 00:27:39]} {[%emt 00:03:37]} 16. f4 {[%clk 00:27:25]} {[%emt 00:02:03]}
Be6 {[%clk 00:25:53]} {[%emt 00:01:53]} 17. f5 {[%clk 00:24:51]} {[%emt
00:02:38]} Bxd5 {[%clk 00:24:05]} {[%emt 00:01:54]} 18. Bxd5 {[%clk 00:24:07]}
{[%emt 00:00:49]} Qc7 {[%clk 00:21:55]} {[%emt 00:02:15]} 0-1